| 000 | 01025cam a2200301 4500 | ||
|---|---|---|---|
| 008 | 090401t1995 xxu||||| |||| 00| 0 eng d | ||
| 020 | _a0704910705 | ||
| 035 | _a(Sirsi) u57186 | ||
| 041 | _aeng | ||
| 050 | _a630.026 | ||
| 100 | _aGibbard, Roger | ||
| 245 | _aAccounting for marriage value and scarcity in the valuation of farm rents at arbitrations: the implications of Childers v Anker. | ||
| 260 |
_aReading _bCELTS _c1995 |
||
| 300 | _a16p. ; 30cm. | ||
| 350 | _a0 | ||
| 490 |
_aCommentary Series _v95/5 |
||
| 520 | _aITEM MISSING. 24.2.99. | ||
| 650 | _aPROPERTY-LANDLORD AND TENANT-TENANCIES-AGRICULTURAL TENANCIES | ||
| 650 | _aMANAGEMENT-DISPUTE AVOIDANCE, MANAGEMENT AND RESOLUTION-DISPUTE MANAGEMENT AND RESOLUTION-ARBITRATION | ||
| 650 | _aCHILDERS V ANKER | ||
| 650 | _aFARM RENTS | ||
| 650 | _aMARRIAGE VALUE | ||
| 690 | _aRURAL PRACTICE | ||
| 710 |
_aCentre for Environment and Land Tenure Studies _92835 |
||
| 710 |
_aUniversity of Reading _93273 |
||
| 942 | _n0 | ||
| 948 | _c04/03/1997 | ||
| 999 |
_c93908 _d93908 |
||